Aktivizácia medzinárodného cestovného ruchu SR s Ruskou federáciou dizertačná práca

Gespeichert in:
Bibliographische Detailangaben
1. Verfasser: Volek, Martin
Körperschaft: Obchodná fakulta EU. Katedra služieb a cestovného ruchu - zrušené
Weitere Verfasser: Novacká, Ľudmila, 1953-
Format: Buch
Sprache:Slowakisch
Veröffentlicht: Bratislava 2015
Schlagworte:
Tags: Tag hinzufügen
Keine Tags, Fügen Sie das erste Tag hinzu!

MARC

LEADER 00000nbm a2200000 4500
001 0205524
005 20230109081948.9
041 0 |a slo 
044 |a SK 
245 1 0 |a Aktivizácia medzinárodného cestovného ruchu SR s Ruskou federáciou  |b dizertačná práca  |c Martin Volek ; školiteľ: Ľudmila Novacká 
264 1 |a Bratislava  |c 2015 
300 |a 165 s. 
610 2 0 |a ruch cestovný medzinárodný 
610 2 0 |a marketing 
610 2 0 |a Slovensko 
610 2 0 |a Rusko 
100 1 |a Volek, Martin 
700 1 |a Novacká, Ľudmila, 1953- 
710 2 |a Obchodná fakulta EU. Katedra služieb a cestovného ruchu - zrušené